Pasajes espectrales: tentativas sobre Ronald Kay

Saved in:
Bibliographic Details
Other Authors: Soto, Andrés (Editor), Vega, Francisco (Editor)
Format: Unknown
Language:English
Published: Santiago, Chile Cuarto Propio 2019
Series:Ensayo
Subjects:
Tags: Add Tag
No Tags, Be the first to tag this record!

MARC

LEADER 00000 a2200000 4500
003 CL-VaPUC
005 20210812001330.0
008 200320b ||||| |||| 00| 0 eng d
999 |c 422768  |d 422766 
020 |a 9789563960518 
040 |c Pontificia Universidad Católica de Valparaíso 
082 0 4 |2 21  |a 701.18 SOT 2019 
100 1 |a Soto, Andrés  |9 737676  |e editor 
245 1 0 |a Pasajes espectrales:  |b  tentativas sobre Ronald Kay 
260 3 |b Cuarto Propio  |c 2019  |a Santiago, Chile 
300 |a 222 páginas 
490 0 |a Ensayo 
583 |k Hugo Gaete  |c 20200320 
650 0 0 |a Crítica de arte  |9 334590 
650 0 0 |9 444166  |a ENSAYOS CRITICOS 
650 0 0 |a Historia del arte  |9 314877 
700 1 |a Vega, Francisco  |e editor  |9 737764 
942 |2 ddc  |c BK 
952 |0 0  |1 0  |2 ddc  |4 0  |6 701_180000000000000_SOT_2019  |7 0  |8 A  |9 561681  |a BIBART  |b BIBART  |c GEN  |d 2020-03-18  |e 4  |g 12000.00  |i 557434K  |o 701.18 SOT 2019  |p 557434K  |r 2025-03-13  |t 1  |v 12000.00  |w 2020-03-18  |y BK  |k ART